000 00533nam a2200193Ia 4500
005 20250508150543.0
008 008 250505s9999 xx 000 0 eng d
037 _aTextual
040 _aFEDL
_beng
_cFEDL
041 _aeng
_2eng
084 _a150, GRI
_qFEDL
100 _aGriffiths Joseph Harry
_9757003
245 0 _aPsychology of human behavior
260 _aNew York, USA
_bFarrar and Rinehart
_c1936
300 _axxi,515p.
650 _aPsychology
942 _cTEXL
_h150, GRI
999 _c1324234
_d1324234